[Event "Innsbruck op-B 2nd"]
[Site "Innsbruck"]
[Date "2018.08.26"]
[Round "3"]
[White "Kimpel, Janine"]
[Black "Wersching, Alfred"]
[Result "0-1"]
[WhiteElo "1893"]
[BlackElo "1987"]
[PlyCount "96"]
[EventDate "2018.08.24"]
[EventType "swiss"]
[EventRounds "9"]
[EventCountry "AUT"]
[SourceTitle "CBM 186 Extra"]
[Source "ChessBase"]
[SourceDate "2018.08.24"]
[SourceVersion "1"]
[SourceVersionDate "2018.08.24"]
[SourceQuality "1"]

1. e4 Nf6 2. e5 Nd5 3. d4 d6 4. Bc4 c6 5. Nf3 Bg4 6. 0-0 dxe5 7. dxe5 e6 8. a3 Nd7 9. Re1 Qc7 10. Bxd5 cxd5 11. Qd3 Bf5 12. Qd4 Qxc2 13. Nc3 Bc5 14. Qh4 0-0 15. Re2 Qd3 16. Bf4 Qa6 17. Ree1 Rac8 18. Rad1 Rfe8 19. Qg5 Be7 20. Qg3 Nc5 21. Nd4 Bg6 22. Be3 Nd3 23. Re2 Nxb2 24. Rxb2 Rxc3 25. a4 Qxa4 26. Qg4 b6 27. h4 h5 28. Qf3 Bxh4 29. Nb5 Rb3 30. Rxb3 Qxb3 31. Nd6 Rf8 32. Rc1 d4 33. Bxd4 Qxf3 34. gxf3 Rb8 35. Rc7 a5 36. Nb7 b5 37. Nxa5 Bd8 38. Ra7 Bxa5 39. Rxa5 b4 40. Ra2 b3 41. Rb2 Bc2 42. Kg2 Rd8 43. Bc3 Kh7 44. Kg3 g5 45. Bb4 Rd4 46. Be7 Kg6 47. Bc5 Rd3 48. Bd6 g4 0-1

[Event "Zuerich op-B 41st"]
[Site "Zuerich"]
[Date "2017.12.26"]
[Round "1"]
[White "Bernet, David"]
[Black "Wersching, Alfred"]
[Result "0-1"]
[WhiteElo "1751"]
[BlackElo "2013"]
[PlyCount "80"]
[EventDate "2017.12.26"]
[EventType "swiss"]
[EventRounds "7"]
[EventCountry "SUI"]
[SourceTitle "CBM 182 Extra"]
[Source "ChessBase"]
[SourceDate "2018.02.23"]
[SourceVersion "1"]
[SourceVersionDate "2018.02.23"]
[SourceQuality "1"]

1. d4 Nf6 2. c4 c5 3. Nf3 g6 4. Nc3 cxd4 5. Nxd4 Nc6 6. Nb3 Bg7 7. g3 0-0 8. Bg2 d6 9. 0-0 Be6 10. Nd2 Qc8 11. Nd5 Bh3 12. Rb1 Bxg2 13. Kxg2 Re8 14. b3 Nxd5 15. cxd5 Nb4 16. a3 Nxd5 17. Bb2 Bxb2 18. Rxb2 Qc6 19. e4 Nf6 20. f3 Rac8 21. Nc4 b5 22. Ne3 Qc3 23. Qe2 Qa5 24. Ra1 Qb6 25. h4 e6 26. g4 d5 27. e5 Nd7 28. f4 Qd4 29. Rf1 Qe4+ 30. Kg3 Rc3 31. Rf3 Rec8 32. Nd1 Rxf3+ 33. Qxf3 Qe1+ 34. Kg2 Rc1 35. Nf2 Rc3 36. Qd1 Qe3 37. Qd2 Qf3+ 38. Kf1 Nc5 39. Rc2 Ne4 40. Qe2 Ng3+ 0-1

[Event "AUT-ch"]
[Site "Pinkafeld"]
[Date "2015.07.31"]
[Round "7"]
[White "Obermayr, Hermann"]
[Black "Wersching, Alfred"]
[Result "1/2-1/2"]
[WhiteElo "2157"]
[BlackElo "2016"]
[PlyCount "103"]
[EventDate "2015.07.25"]
[EventType "swiss"]
[EventRounds "9"]
[EventCountry "AUT"]
[SourceTitle "CBM 167 Extra"]
[Source "ChessBase"]
[SourceDate "2015.09.14"]
[SourceVersion "1"]
[SourceVersionDate "2015.09.14"]
[SourceQuality "1"]

1. c4 Nf6 2. Nc3 g6 3. d4 Bg7 4. e4 d6 5. f4 0-0 6. Nf3 Na6 7. Bd3 e5 8. fxe5 dxe5 9. d5 Bg4 10. Bg5 h6 11. Be3 Qe7 12. 0-0 Nc5 13. Bc2 a5 14. h3 Bd7 15. Nxe5 Bxh3 16. gxh3 Qxe5 17. Qf3 Nfd7 18. Rad1 Qe7 19. Qf2 b6 20. Kh1 Rad8 21. Bd4 Ne5 22. b3 Qg5 23. Qg2 Qh5 24. Ne2 Rd6 25. Rd2 a4 26. Nf4 Qh4 27. b4 Na6 28. c5 bxc5 29. bxc5 Rdd8 30. Qe2 Nb4 31. Bxa4 g5 32. Qh5 Qxh5 33. Nxh5 f6 34. Bb3 Kh7 35. Bc3 Nbd3 36. Bd4 Kg6 37. Ng3 Nf4 38. Kh2 Rfe8 39. Nf5 Bf8 40. Kg3 Nh5+ 41. Kh2 Nf4 42. Bc2 Ra8 43. Bb3 Ned3 44. Bc4 Nxc5 45. Rxf4 gxf4 46. Rg2+ Kh7 47. d6 Ne6 48. d7 Nxd4 49. dxe8Q Nf3+ 50. Kh1 Rxe8 51. Rc2 c6 52. Rb2 1/2-1/2

[Event "AUT-ch"]
[Site "Feistritz an der Drau"]
[Date "2014.08.24"]
[Round "1"]
[White "Kessler, Luca"]
[Black "Wersching, Alfred"]
[Result "1-0"]
[WhiteElo "2298"]
[BlackElo "2051"]
[PlyCount "129"]
[EventDate "2014.08.24"]
[EventType "swiss"]
[EventRounds "9"]
[EventCountry "AUT"]
[SourceTitle "CBM 162 Extra"]
[Source "ChessBase"]
[SourceDate "2014.10.17"]
[SourceVersion "1"]
[SourceVersionDate "2014.10.17"]
[SourceQuality "1"]

1. d4 Nf6 2. c4 g6 3. Nc3 Bg7 4. e4 d6 5. Nf3 0-0 6. Be2 e5 7. Be3 Nc6 8. d5 Ne7 9. Nd2 Nd7 10. b4 a5 11. a3 f5 12. f3 Nf6 13. Rc1 f4 14. Bf2 g5 15. c5 h5 16. h3 axb4 17. axb4 Bd7 18. Nc4 Ne8 19. b5 Rf6 20. h4 Rg6 21. hxg5 Rxg5 22. Rh2 Ng6 23. b6 cxb6 24. Nxb6 Ra5 25. Ra1 Rxa1 26. Qxa1 dxc5 27. Nxd7 Qxd7 28. Qa8 Kf7 29. Bb5 Qe7 30. Bxc5 Nd6 31. Qb8 Bf8 32. Ba4 b6 33. Bb4 Qf6 34. Bd7 Kg7 35. Be6 Nf7 36. Qxb6 Bxb4 37. Qxb4 Nf8 38. Bxf7 Kxf7 39. Qb7+ Kg8 40. Kf2 Rg7 41. Qc6 Qg5 42. Ne2 h4 43. Qc8 Qe7 44. Kf1 Rg6 45. Qc4 Kg7 46. Qc3 Kh6 47. Qe1 Kg7 48. Qxh4 Qd6 49. Qh8+ Kf7 50. Rh5 Rf6 51. Rg5 Ke8 52. Qg7 Nd7 53. Qh8+ Nf8 54. Qh5+ Ng6 55. Kg1 Kd8 56. Kh2 Nf8 57. Qh4 Kc7 58. Ng1 Rf7 59. Nh3 Rh7 60. Qf2 Kd8 61. Qb2 Ng6 62. Qb5 Rh6 63. Qa5+ Ke7 64. Qa7+ Kf6 65. Rf5# 1-0

[Event "Steyr op"]
[Site "Steyr"]
[Date "2012.09.01"]
[Round "6"]
[White "Reinwald, Patrick"]
[Black "Wersching, Alfred"]
[Result "0-1"]
[WhiteElo "2198"]
[BlackElo "2035"]
[PlyCount "120"]
[EventDate "2012.08.27"]
[EventType "swiss"]
[EventRounds "7"]
[EventCountry "AUT"]
[SourceTitle "CBM 150 Extra"]
[Source "ChessBase"]
[SourceDate "2012.10.19"]
[SourceVersion "1"]
[SourceVersionDate "2012.10.19"]
[SourceQuality "1"]

1. e4 Nf6 2. e5 Nd5 3. d4 d6 4. Nf3 Bg4 5. Be2 e6 6. 0-0 Be7 7. c4 Nb6 8. Nc3 0-0 9. h3 Bh5 10. Be3 Nc6 11. exd6 cxd6 12. d5 exd5 13. cxd5 Bxf3 14. Bxf3 Ne5 15. Be2 Nec4 16. Bd4 Bf6 17. b3 Bxd4 18. Qxd4 Ne5 19. Rac1 a6 20. f4 Ned7 21. Ne4 Nc8 22. Rfd1 Qb6 23. Qxb6 Ndxb6 24. Rc7 Rb8 25. Bf3 h6 26. a4 a5 27. Nc3 Na8 28. Rc4 Nab6 29. Re4 Nd7 30. Nb5 Nc5 31. Re3 Rd8 32. g4 Kf8 33. Rde1 b6 34. Nd4 Na7 35. Nf5 b5 36. axb5 Nxb5 37. Be2 Nc7 38. Bc4 Nb5 39. g5 hxg5 40. fxg5 Na3 41. h4 Nc2 42. h5 Nxe1 43. h6 gxh6 44. gxh6 Kg8 45. Rxe1 Rd7 46. Re3 Kh7 47. Rh3 Rg8+ 48. Kf2 Rg5 49. Nd4 Re7 50. Nc6 Rf5+ 51. Kg2 Re4 52. Nxa5 Rg4+ 53. Kh2 Rf2+ 54. Kh1 Rd4 55. Kg1 Ne4 56. Bd3 Rd2 57. Bc4 Ng5 58. Rg3 Kxh6 59. b4 Rb2 60. Bf1 Rbxb4 0-1

[Event "Steyr op"]
[Site "Steyr"]
[Date "2012.08.30"]
[Round "4"]
[White "Posch, Roland"]
[Black "Wersching, Alfred"]
[Result "1/2-1/2"]
[WhiteElo "2151"]
[BlackElo "2035"]
[PlyCount "130"]
[EventDate "2012.08.27"]
[EventType "swiss"]
[EventRounds "7"]
[EventCountry "AUT"]
[SourceTitle "CBM 150 Extra"]
[Source "ChessBase"]
[SourceDate "2012.10.19"]
[SourceVersion "1"]
[SourceVersionDate "2012.10.19"]
[SourceQuality "1"]

1. e4 Nf6 2. Nc3 d5 3. exd5 Nxd5 4. Bc4 c6 5. Qf3 Be6 6. Nxd5 Bxd5 7. Bxd5 Qxd5 8. Qxd5 cxd5 9. d4 Nc6 10. c3 e5 11. Ne2 exd4 12. Nxd4 Nxd4 13. cxd4 Be7 14. 0-0 Bf6 15. Be3 Rc8 16. Rac1 Kd7 17. Rfd1 Rxc1 18. Rxc1 Rc8 19. Rxc8 Kxc8 20. Kf1 h5 21. Ke2 b5 22. Kd3 Kd7 23. Bf4 g6 24. Bb8 a6 25. Bf4 Ke6 26. Bb8 Bd8 27. Bf4 g5 28. Bd2 Kf5 29. h3 g4 30. hxg4+ Kxg4 31. Ke2 Bb6 32. Be3 h4 33. Kf1 h3 34. Kg1 Bc7 35. f3+ Kh4 36. Bf2+ Bg3 37. Be3 h2+ 38. Kh1 f5 39. Bd2 Kh5 40. Be3 a5 41. Bd2 a4 42. b3 Kg6 43. Be3 Kf7 44. Bd2 Ke6 45. Be3 Kd6 46. Bd2 Kc6 47. Bc3 Kd7 48. Bd2 Ke8 49. Be3 f4 50. Bd2 Kf7 51. Bc1 Kf6 52. Bd2 Kf5 53. Bc3 Kg5 54. Bd2 axb3 55. axb3 Kg6 56. Bc3 Kf5 57. Bd2 Bf2 58. Bc3 Bg1 59. b4 Kg5 60. Bb2 Kh4 61. Bc3 Kg5 62. Bb2 Kf6 63. Bc3 Kf5 64. Bb2 Bf2 65. Bc3 Bg3 1/2-1/2

[Event "Steyr op"]
[Site "Steyr"]
[Date "2012.08.28"]
[Round "2"]
[White "Knoll, Hermann"]
[Black "Wersching, Alfred"]
[Result "0-1"]
[WhiteElo "2313"]
[BlackElo "2035"]
[PlyCount "134"]
[EventDate "2012.08.27"]
[EventType "swiss"]
[EventRounds "7"]
[EventCountry "AUT"]
[SourceTitle "CBM 150 Extra"]
[Source "ChessBase"]
[SourceDate "2012.10.19"]
[SourceVersion "1"]
[SourceVersionDate "2012.10.19"]
[SourceQuality "1"]

1. c4 Nf6 2. Nf3 g6 3. b3 Bg7 4. Bb2 0-0 5. g3 d6 6. d4 c5 7. Bg2 Ne4 8. 0-0 Nd7 9. Qc2 f5 10. d5 Bxb2 11. Qxb2 Rb8 12. Nfd2 Nxd2 13. Nxd2 f4 14. Nf3 b5 15. Rac1 Qe8 16. Qd2 fxg3 17. hxg3 bxc4 18. Rxc4 Nf6 19. Ra4 Qd7 20. Ng5 Qb7 21. Rh4 Bd7 22. e4 Qb4 23. Qc1 Qb6 24. Qc2 Kg7 25. Re1 h6 26. e5 dxe5 27. Ne6+ Bxe6 28. dxe6 e4 29. Qc3 Qb4 30. Qa1 Qd4 31. Qxd4 cxd4 32. Bxe4 g5 33. Rh1 Rb6 34. Bf5 Nd5 35. Bd3 Rf6 36. Bc4 Rd6 37. Kg2 Nb6 38. Bd3 Rfxe6 39. Rxe6 Rxe6 40. Rc1 a5 41. a4 Re5 42. Rc6 Nd7 43. Rg6+ Kf7 44. Rxh6 Nf6 45. Rh1 Rc5 46. Bc4+ Kg7 47. f4 gxf4 48. gxf4 Nd5 49. Kf3 Nc3 50. Bd3 e6 51. Rh7+ Kf6 52. Rd7 Rd5 53. Rc7 Rh5 54. Bc4 Rh3+ 55. Kg4 Re3 56. Rd7 Ne4 57. Bf1 Nf2+ 58. Kh4 d3 59. Bg2 Nd1 60. Bf1 Nf2 61. Bg2 e5 62. fxe5+ Kxe5 63. Rd8 Ne4 64. Rd7 Nd6 65. Ra7 Nf5+ 66. Kh5 Kf4 67. Rxa5 Rg3 0-1

[Event "Ratten op 18th"]
[Site "Ratten"]
[Date "2011.06.02"]
[Round "1"]
[White "Dietmayer Kraeutler, Marco"]
[Black "Wersching, Alfred"]
[Result "1-0"]
[WhiteElo "2240"]
[BlackElo "2042"]
[PlyCount "65"]
[EventDate "2011.06.02"]
[EventType "swiss"]
[EventRounds "5"]
[EventCountry "AUT"]
[SourceTitle "CBM 143 Extra"]
[Source "ChessBase"]
[SourceDate "2011.08.29"]
[SourceVersion "1"]
[SourceVersionDate "2011.08.29"]
[SourceQuality "1"]

1. d4 d5 2. c4 c6 3. Nc3 Nf6 4. Nf3 e6 5. Bg5 Be7 6. e3 a6 7. Qc2 b5 8. b3 Qa5 9. c5 h6 10. Bh4 g5 11. Bg3 Ne4 12. Rc1 Nd7 13. Bd3 Qxc3+ 14. Qxc3 Nxc3 15. Rxc3 b4 16. Rc1 a5 17. a3 bxa3 18. Ra1 Nxc5 19. dxc5 Bxc5 20. Be5 Bb4+ 21. Ke2 0-0 22. Bf6 Ba6 23. g4 Bxd3+ 24. Kxd3 Rfb8 25. h4 gxh4 26. g5 Bf8 27. gxh6 Rxb3+ 28. Kc2 Rb2+ 29. Bxb2 axb2 30. Rag1+ Kh8 31. Ne5 Ra7 32. Rxh4 a4 33. h7 1-0

[Event "Latschach op 26th"]
[Site "Latschach"]
[Date "2010.08.15"]
[Round "3"]
[White "Diermair, Andreas"]
[Black "Wersching, Alfred"]
[Result "1-0"]
[WhiteElo "2312"]
[BlackElo "2040"]
[PlyCount "103"]
[EventDate "2010.08.14"]
[EventType "swiss"]
[EventRounds "9"]
[EventCountry "AUT"]
[SourceTitle "CBM 138 Extra"]
[Source "ChessBase"]
[SourceDate "2010.10.29"]
[SourceVersion "1"]
[SourceVersionDate "2010.10.29"]
[SourceQuality "1"]

1. d4 Nf6 2. c4 c5 3. d5 b5 4. cxb5 a6 5. bxa6 Bxa6 6. Nc3 d6 7. Nf3 g6 8. g3 Nbd7 9. Bg2 Nb6 10. b3 Bg7 11. Rb1 0-0 12. 0-0 Nfd7 13. Bd2 Ra7 14. a4 Nf6 15. Nh4 Qa8 16. Bg5 Ng4 17. Rc1 Rb8 18. Re1 Nc8 19. h3 Ne5 20. Bd2 Qb7 21. Rb1 Qb6 22. Qc2 Rab7 23. Nf3 Qc7 24. Nxe5 Bxe5 25. Ne4 Nb6 26. Ba5 Qd7 27. Bc3 Qf5 28. Bxe5 Qxe5 29. Red1 Nd7 30. f4 Qg7 31. Kh2 Rb4 32. Nd2 g5 33. Bf3 gxf4 34. gxf4 Qf6 35. e3 Qh4 36. Rg1+ Kh8 37. Ne4 f5 38. Ng5 Rf8 39. Rg2 h6 40. Ne6 Rf7 41. Rbg1 Rb8 42. Rg6 Bb7 43. Qg2 Nf6 44. Kh1 Ng4 45. Bxg4 fxg4 46. Rxg4 Bxd5 47. Rxh4 Bxg2+ 48. Rxg2 Rxb3 49. Rxh6+ Rh7 50. Rxh7+ Kxh7 51. Ra2 Rxe3 52. a5 1-0

[Event "AUT-ch qual"]
[Site "Koeflach"]
[Date "2006.09.07"]
[Round "6"]
[White "Wersching, Alfred"]
[Black "Halvax, Georg"]
[Result "0-1"]
[WhiteElo "2080"]
[BlackElo "1969"]
[PlyCount "137"]
[EventDate "2006.09.02"]
[EventType "swiss"]
[EventRounds "9"]
[EventCountry "AUT"]
[SourceTitle "CBM 114 Extra"]
[Source "ChessBase"]
[SourceDate "2006.11.03"]
[SourceVersion "1"]
[SourceVersionDate "2006.11.03"]
[SourceQuality "1"]

1. d4 d5 2. c4 e6 3. Nc3 c6 4. e4 dxe4 5. Nxe4 Be7 6. Nf3 Nf6 7. Bd3 Nbd7 8. 0-0 0-0 9. Re1 b6 10. Ne5 Bb7 11. Qf3 Qc8 12. Qh3 g6 13. Bh6 Re8 14. Nxf7 Nxe4 15. Rxe4 Nf6 16. Ne5 Nxe4 17. Bxe4 Bf6 18. Qf3 Bxe5 19. dxe5 Qc7 20. Qf6 Rad8 21. Bg5 Qd7 22. Qf3 Rf8 23. Bf6 Qd4 24. h4 Qxb2 25. Rf1 Qd2 26. Qg4 Rxf6 27. exf6 Kf7 28. h5 Qh6 29. hxg6+ hxg6 30. Re1 Bc8 31. Qf3 Rh8 32. g3 Qh2+ 33. Kf1 Qh3+ 34. Ke2 Qh5 35. g4 Qc5 36. Bd3 Qe5+ 37. Be4 Ba6 38. Qd3 Qb2+ 39. Kf1 Kxf6 40. Qf3+ Ke7 41. Bxg6 Bxc4+ 42. Kg1 Bd5 43. Qf7+ Kd8 44. Bh5 Qd4 45. Qg6 Qf4 46. Re3 Rf8 47. Qc2 Kd7 48. Qh7+ Kd6 49. Qc2 Qf6 50. Qe2 Qh4 51. f3 Qg3+ 52. Qg2 Qxg2+ 53. Kxg2 Bxa2 54. Kg3 e5 55. g5 a5 56. g6 Bd5 57. Kg4 b5 58. Kg5 b4 59. g7 Rb8 60. Kf6 b3 61. Rxe5 b2 62. Bg6 a4 63. f4 a3 64. Rxd5+ cxd5 65. Bb1 d4 66. f5 d3 67. Kf7 d2 68. g8Q Rxg8 69. Kxg8 0-1

[Event "AUT-ch qual"]
[Site "Koeflach"]
[Date "2006.09.03"]
[Round "2"]
[White "Wersching, Alfred"]
[Black "Roth, Peter"]
[Result "1-0"]
[WhiteElo "2080"]
[BlackElo "2249"]
[PlyCount "141"]
[EventDate "2006.09.02"]
[EventType "swiss"]
[EventRounds "9"]
[EventCountry "AUT"]
[SourceTitle "CBM 114 Extra"]
[Source "ChessBase"]
[SourceDate "2006.11.03"]
[SourceVersion "1"]
[SourceVersionDate "2006.11.03"]
[SourceQuality "1"]

1. d4 e6 2. c4 f5 3. g4 fxg4 4. h3 Qh4 5. Bf4 Bd6 6. Bxd6 cxd6 7. Bg2 g3 8. f3 Ne7 9. Qd2 0-0 10. Nc3 Nbc6 11. e3 e5 12. d5 Na5 13. b3 b6 14. Ne4 Nf5 15. Ne2 Ba6 16. 0-0 Bxc4 17. f4 Bxe2 18. Qxe2 Rae8 19. Rac1 Nb7 20. b4 Nd8 21. Rc7 a5 22. bxa5 bxa5 23. Rxd7 Re7 24. Rxe7 Qxe7 25. Qd3 Nf7 26. Kh1 N7h6 27. Ng5 exf4 28. exf4 g6 29. Ne6 Rb8 30. Rc1 Qb7 31. Ng5 Qb2 32. Rg1 Qb5 33. Qc3 Qb7 34. Qf6 Qe7 35. Qc3 a4 36. Re1 Qg7 37. Qc6 Rf8 38. Ne6 Qe7 39. Qxa4 Nh4 40. Rg1 Re8 41. Be4 N6f5 42. Rc1 Rb8 43. Qc2 Qb7 44. Rb1 g2+ 45. Kh2 Nf3+ 46. Kxg2 Ne3+ 47. Kxf3 Nxc2 48. Rxb7 Ne1+ 49. Ke2 Rxb7 50. Kxe1 Rb2 51. Ng5 Rxa2 52. Nf3 Kf7 53. Nd2 Ra3 54. h4 Kf6 55. Kf2 h6 56. Nf3 Ra1 57. Bd3 Ra5 58. Be4 Ra1 59. Ke3 Ra3+ 60. Bd3 Ra4 61. Nd2 Ra1 62. Nc4 Rh1 63. Nxd6 Rxh4 64. Ne4+ Ke7 65. d6+ Kd8 66. Nc5 g5 67. fxg5 hxg5 68. Bb5 Rh7 69. Ne6+ Kc8 70. Nxg5 Rg7 71. Kf4 1-0

[Event "Voesendorf op"]
[Site "Voesendorf"]
[Date "2006.06.15"]
[Round "2.15"]
[White "Wersching, Alfred"]
[Black "Hrdina, Karl"]
[Result "1/2-1/2"]
[WhiteElo "2080"]
[BlackElo "1977"]
[PlyCount "136"]
[EventDate "2006.06.15"]
[EventType "swiss"]
[EventRounds "5"]
[EventCountry "AUT"]
[SourceTitle "CBM 112 Extra"]
[Source "ChessBase"]
[SourceDate "2006.07.14"]
[SourceVersion "1"]
[SourceVersionDate "2006.07.14"]
[SourceQuality "1"]

1. d4 d5 2. Nf3 Nf6 3. c4 e6 4. Nc3 Nbd7 5. Bg5 Be7 6. Qc2 h6 7. Bh4 b6 8. e3 Bb7 9. cxd5 exd5 10. Be2 0-0 11. 0-0 Ne4 12. Bxe7 Qxe7 13. Nxe4 dxe4 14. Nd2 c5 15. Bb5 Rfd8 16. Bxd7 Rxd7 17. dxc5 Ba6 18. Rfc1 Bd3 19. Qc3 Rc8 20. c6 Rdc7 21. Nb3 Rxc6 22. Qxc6 Rxc6 23. Rxc6 Qg5 24. Rc8+ Kh7 25. Nd4 h5 26. b4 h4 27. h3 b5 28. a4 a6 29. axb5 axb5 30. Ra7 Qh5 31. Rcc7 Qd1+ 32. Kh2 Bc4 33. Rxf7 Bxf7 34. Rxf7 Kg6 35. Rf4 Qe1 36. Rg4+ Kh5 37. Rxe4 Qxf2 38. Nf3 Qg3+ 39. Kg1 Qd6 40. Rxh4+ Kg6 41. Rg4+ Kh6 42. Nd4 Kh7 43. Rxg7+ Kh8 44. Rb7 Qxb4 45. Rxb5 Qe1+ 46. Kh2 Qxe3 47. Rh5+ Kg8 48. Nf5 Qf4+ 49. Ng3 Kg7 50. h4 Kg6 51. Kh3 Qe3 52. Rg5+ Kh7 53. Rf5 Qd2 54. Rf3 Kh6 55. Nf5+ Kg6 56. Ng3 Qd1 57. Rf1 Qd3 58. h5+ Kg5 59. Rf3 Qb1 60. Rf5+ Kh6 61. Rf6+ Kh7 62. h6 Qa1 63. Re6 Qa2 64. Re7+ Kxh6 65. Nf5+ Kg5 66. g4 Qf2 67. Ng3 Qd4 68. Re4 Qh8+ 1/2-1/2

[Event "Vienna op 14th"]
[Site "Vienna"]
[Date "2003.08.23"]
[Round "8"]
[White "Rogetzer, Klaus"]
[Black "Wersching, Alfred"]
[Result "0-1"]
[WhiteElo "2137"]
[BlackElo "2063"]
[PlyCount "56"]
[EventDate "2003.08.16"]
[EventType "swiss"]
[EventRounds "9"]
[EventCountry "AUT"]
[SourceTitle "CBM 095 Extra"]
[Source "ChessBase"]
[SourceDate "2003.09.04"]
[SourceVersion "1"]
[SourceVersionDate "2003.09.04"]
[SourceQuality "1"]

1. d4 Nf6 2. c4 e6 3. Nc3 Bb4 4. e3 Ne4 5. Nge2 Qh4 6. g3 Qf6 7. f4 c5 8. Bg2 cxd4 9. exd4 Nxc3 10. Nxc3 Nc6 11. Be3 Bxc3+ 12. bxc3 0-0 13. 0-0 b6 14. Re1 Bb7 15. d5 Na5 16. Bd4 Qg6 17. Re5 f6 18. Be4 Qf7 19. Bxh7+ Kxh7 20. Rh5+ Kg8 21. Qg4 Rfe8 22. f5 e5 23. Qh4 Kf8 24. Rh8+ Ke7 25. Re1 d6 26. Rxe8+ Rxe8 27. Bxe5 Kd7 28. c5 Qxd5 0-1

[Event "Vienna op 14th"]
[Site "Vienna"]
[Date "2003.08.20"]
[Round "5"]
[White "Wersching, Alfred"]
[Black "Seifert, Volker"]
[Result "0-1"]
[WhiteElo "2063"]
[BlackElo "2371"]
[PlyCount "72"]
[EventDate "2003.08.16"]
[EventType "swiss"]
[EventRounds "9"]
[EventCountry "AUT"]
[SourceTitle "CBM 095 Extra"]
[Source "ChessBase"]
[SourceDate "2003.09.04"]
[SourceVersion "1"]
[SourceVersionDate "2003.09.04"]
[SourceQuality "1"]

1. d4 Nf6 2. c4 e6 3. Nc3 Bb4 4. e3 c5 5. Nge2 b6 6. a3 Ba5 7. Rb1 Na6 8. Bd2 0-0 9. Nb5 Bxd2+ 10. Qxd2 d5 11. cxd5 exd5 12. Ng3 h5 13. Bd3 Qd7 14. Nc3 h4 15. Nge2 Qg4 16. Kf1 h3 17. Rg1 c4 18. Bc2 Qh4 19. g3 Qh6 20. Nf4 Nc7 21. f3 g5 22. Nfe2 g4 23. f4 Re8 24. Re1 Qh5 25. Nc1 Bf5 26. b3 b5 27. N1a2 a5 28. bxc4 bxc4 29. Na4 Qg6 30. Bxf5 Qxf5 31. N2c3 Rab8 32. Nc5 Nb5 33. e4 dxe4 34. Nd1 Qd5 35. Nc3 Nxc3 36. Qxc3 e3 0-1

[Event "Vienna op 14th"]
[Site "Vienna"]
[Date "2003.08.19"]
[Round "4"]
[White "Wittmann, Walter"]
[Black "Wersching, Alfred"]
[Result "1-0"]
[WhiteElo "2359"]
[BlackElo "2063"]
[PlyCount "69"]
[EventDate "2003.08.16"]
[EventType "swiss"]
[EventRounds "9"]
[EventCountry "AUT"]
[SourceTitle "CBM 095 Extra"]
[Source "ChessBase"]
[SourceDate "2003.09.04"]
[SourceVersion "1"]
[SourceVersionDate "2003.09.04"]
[SourceQuality "1"]

1. e4 c5 2. Nf3 d6 3. d4 cxd4 4. Nxd4 Nf6 5. Nc3 g6 6. Be3 Bg7 7. f3 0-0 8. Qd2 Nc6 9. 0-0-0 Be6 10. Kb1 Nxd4 11. Bxd4 a6 12. g4 b5 13. Nd5 Bxd5 14. exd5 Qc7 15. h4 Rfc8 16. Bh3 Rcb8 17. h5 b4 18. hxg6 hxg6 19. Ka1 a5 20. g5 Nh5 21. Bg4 Qc4 22. Bxg7 Kxg7 23. Bxh5 gxh5 24. Rxh5 Rg8 25. Rdh1 Rac8 26. g6 fxg6 27. Rh7+ Kf8 28. Qh6+ Ke8 29. Qe3 e5 30. dxe6 Rc5 31. Rb7 Rc7 32. Rb8+ Rc8 33. Qa7 Qxe6 34. Rxc8+ Qxc8 35. Re1+ 1-0

[Event "Harkany Tenkes Cup 25th"]
[Site "Harkany"]
[Date "2001.11.27"]
[Round "9"]
[White "Wersching, Alfred"]
[Black "Waller, Helmut"]
[Result "1/2-1/2"]
[WhiteElo "2063"]
[BlackElo "2167"]
[PlyCount "122"]
[EventDate "2001.11.19"]
[EventType "swiss"]
[EventRounds "9"]
[EventCountry "HUN"]
[SourceTitle "EXT 2004"]
[Source "ChessBase"]
[SourceDate "2003.11.25"]
[SourceVersion "1"]
[SourceVersionDate "2003.11.25"]
[SourceQuality "1"]

1. f4 d5 2. Nf3 g6 3. g3 Bg7 4. Bg2 Nf6 5. 0-0 c6 6. d3 Na6 7. c3 Qb6+ 8. e3 Bf5 9. Ne5 h5 10. d4 Rd8 11. Nd2 Ng4 12. Qe2 0-0 13. Ndf3 Nc7 14. Nh4 e6 15. h3 Nf6 16. Nxf5 exf5 17. g4 fxg4 18. hxg4 Qb5 19. Qd1 hxg4 20. a4 Qa6 21. f5 Ne4 22. Bxe4 dxe4 23. Qxg4 c5 24. f6 Bxf6 25. Nd7 Bg7 26. Nxf8 Rxf8 27. Qxe4 Ne6 28. d5 Ng5 29. Qg2 Nh7 30. e4 Qd3 31. Bf4 Nf6 32. Rfe1 Nh5 33. Bh2 Bh6 34. Rad1 Qc4 35. e5 Bf4 36. Bxf4 Nxf4 37. Qe4 Nh3+ 38. Kh2 Qxe4 39. Rxe4 Nf2 40. Ree1 Nxd1 41. Rxd1 Rd8 42. Kg3 Kf8 43. a5 Ke7 44. c4 Rh8 45. Re1 Rb8 46. b4 b6 47. axb6 axb6 48. Rb1 Rc8 49. Kf4 cxb4 50. Rxb4 Rh8 51. Rxb6 Rh4+ 52. Ke3 Rxc4 53. Rb7+ Ke8 54. d6 Rc1 55. Re7+ Kf8 56. Rc7 Re1+ 57. Kf4 Ke8 58. Re7+ Kf8 59. Kf3 Rd1 60. Rd7 Ke8 61. Ra7 f6 1/2-1/2

[Event "Harkany Tenkes Cup 25th"]
[Site "Harkany"]
[Date "2001.11.25"]
[Round "7"]
[White "Wersching, Alfred"]
[Black "Dusper, Hrvoje"]
[Result "1/2-1/2"]
[WhiteElo "2063"]
[BlackElo "2184"]
[PlyCount "94"]
[EventDate "2001.11.19"]
[EventType "swiss"]
[EventRounds "9"]
[EventCountry "HUN"]
[SourceTitle "EXT 2004"]
[Source "ChessBase"]
[SourceDate "2003.11.25"]
[SourceVersion "1"]
[SourceVersionDate "2003.11.25"]
[SourceQuality "1"]

1. d4 Nf6 2. c4 e6 3. Nc3 Bb4 4. e3 0-0 5. Bd3 d5 6. a3 Bxc3+ 7. bxc3 c5 8. Ne2 Nc6 9. 0-0 dxc4 10. Bxc4 e5 11. Qc2 cxd4 12. cxd4 exd4 13. Rd1 Qc7 14. Nxd4 Nxd4 15. Rxd4 Be6 16. Bd3 Qxc2 17. Bxc2 Rac8 18. Bd3 Nd7 19. Bb2 Nc5 20. Bc2 Nb3 21. Bxb3 Bxb3 22. Rd7 Be6 23. Rxb7 Rb8 24. Rxb8 Rxb8 25. Bd4 a5 26. f3 a4 27. Kf2 Rc8 28. g4 h6 29. Kg3 Bb3 30. h4 Rc2 31. Re1 Ra2 32. Bc5 Rc2 33. Bb4 Rc4 34. e4 Rc6 35. h5 Rc8 36. Re3 Rd8 37. Kf4 Bd1 38. Rc3 Bb3 39. Ke3 Bd1 40. Rc7 Bb3 41. Bc3 Be6 42. Ra7 Bb3 43. e5 Rc8 44. Bd4 Rc6 45. Ra8+ Kh7 46. Ra5 Bd1 47. Ra7 Kg8 1/2-1/2